00286pab a2200109 454500008003600000100001700036245004500053362001900098650002500117650001400142773002000156180718b xxu||||| |||| 00| 0 eng d aSezhiyan Era aElection commission: making a joke of it a1 Nov 93, p.13 a Election Commission aElections aHindustan Times